| 000 | 00947nam a2200289 i 4500 | ||
|---|---|---|---|
| 003 | DO-SdBNP | ||
| 005 | 20250206101005.0 | ||
| 007 | ta | ||
| 008 | 091110t2022 dr 001 f spa d | ||
| 020 | _a9789945181418 | ||
| 040 |
_aDO-SdBNP _bspa _cBNPHU _erda |
||
| 082 | 4 |
_aRD863.44 _bD611u, 2022 _222 |
|
| 100 | 1 |
_aDisla, Edwin, _d1961- _eautor _928921 |
|
| 245 | 1 | 3 |
_aEl universo de los poetas muertos : _bnovela / _cEdwin Disla. |
| 250 | _a2a. edición | ||
| 264 |
_aSanto Domingo : _bSoto Castillo, _c2022. |
||
| 300 |
_a155 páginas ; _c22 cm. |
||
| 336 |
_2rdacontent _atexto _btxt |
||
| 337 |
_2rdamedia _asin mediación _bn |
||
| 338 |
_2rdacarrier _avolumen _bnc |
||
| 500 | _aIncluye datos biográficos del autor en la solapa de la cubierta | ||
| 590 | _aInventariado, 2023/BT | ||
| 650 | 0 |
_aNovela dominicana _9223 |
|
| 650 | 0 |
_aLiteratura dominicana. _967 |
|
| 910 | _aBtavárez/Validado. Control de calidad MFF | ||
| 942 |
_2ddc _cLBS1 |
||
| 999 |
_c55320 _d55320 |
||